Statistiques concernant Culture Générale - Série 687

Cliquez ici pour prendre le quiz!

Statistiques générales

  • Ce quiz a été pris 125 fois
  • Le résultat moyen est 5 sur 10

Statistiques - réponses

QuestionRéponse% Correct
En astrologie, combien y a-t-il de signes du zodiaque ?12
98%
Quel mythique train de luxe fut le théâtre d'un crime, imaginé par Agatha Christie, en 1934 ?L'Orient-Express
94%
De quelle région d'Asie le dalaï-lama est-il le chef spirituel et le souverain ?Tibet
84%
Dans les années 50, quelle actrice autrichienne est l'inoubliable Sissi, sous la direction d'Ernst Marischka ?Romy Schneider
77%
Quel partenaire d'Yvan Le Bolloc'h a joué dans "La Vérité si je mens" 1 et 2 ?Bruno Solo
62%
En 1940, quel chanteuse Jean Cocteau fait-il débuter au théâtre dans la pièce "Le Bel Indifférent" ?Edith Piaf
37%
Quel surfeur professionnel américain est le plus titré au monde ?Kelly Slater
32%
Complétez le titre du film réalisé en 1957 par Yves Campi "Typhon sur ...Nagasaki
10%
Quel est le nom du torero, dans l'opéra “Carmen” de Bizet ?Escamillo
6%
À quelle ville de l'Oise associe-t-on l'artiste peintre Séraphine Louis, incarnée à l'écran par Yolande Moreau en 2009 ?Senlis
6%

Distribution des résultats

Percentile par nombre de réponses

% des personnes avec chaque résultat

Votre développement - résultats

Vous n’avez pas pris ce quiz